[Event "SR 3. liga A2 2006/2007"]
[Site "?"]
[Date "2006.10.08"]
[Round "1"]
[White "Bahna, Jan"]
[Black "Liptak, Tomas"]
[Result "0-1"]
[WhiteElo "1978"]
[BlackElo "1970"]
[Annotator "Trnava C - Cífer  /3/"]
[PlyCount "70"]
[EventDate "2006.??.??"]

1. e4 c6 2. d4 d5 3. Nd2 dxe4 4. Nxe4 Nd7 5. Bd3 Ngf6 6. f3 e6 7. Ne2 Be7 8.
O-O O-O 9. c3 Nd5 10. f4 N7f6 11. Ng5 h6 12. Nh3 Ng4 13. Rf3 Bh4 14. g3 Bf6 15.
Nf2 Nxf2 16. Rxf2 b6 17. h3 Qc7 18. Kh2 Rd8 19. a3 c5 20. Bd2 Bb7 21. Rc1 Ne7
22. Be3 Nf5 23. Bxf5 exf5 24. Qg1 Re8 25. Bd2 Re6 26. dxc5 bxc5 27. Re1 Rae8
28. Nc1 Qb6 29. b4 Qa6 30. Nb3 Rxe1 31. Bxe1 Qxa3 32. Nxc5 Bc6 33. Rc2 a5 34.
h4 axb4 35. cxb4 Qf3 0-1

[Event "SR 3. liga A2 2006/2007"]
[Site "?"]
[Date "2006.10.08"]
[Round "1"]
[White "Vlkovic, Pavol"]
[Black "Hagara, Vladimir"]
[Result "1-0"]
[WhiteElo "1924"]
[BlackElo "1975"]
[Annotator "Trnava C - Cífer  /4/"]
[PlyCount "75"]
[EventDate "2006.??.??"]

1. e4 c5 2. d4 cxd4 3. c3 dxc3 4. Nxc3 Nc6 5. Nf3 d6 6. Bc4 e6 7. O-O Be7 8.
Qe2 a6 9. a4 Nf6 10. Rd1 Qc7 11. Bf4 Nh5 12. Be3 O-O 13. Rac1 Qb8 14. Ba2 b5
15. Nd4 Nxd4 16. Bxd4 Nf6 17. e5 dxe5 18. Bxe5 Qb7 19. Bb1 Nd5 20. Nxd5 exd5
21. Rc7 Qb6 22. Rxe7 Be6 23. Qd3 g6 24. Qd2 f6 25. Qh6 Bf7 26. Bd4 Qd6 27. Rde1
Rae8 28. Rxe8 Bxe8 29. Qe3 Bf7 30. Bc5 Qd7 31. Bxf8 Kxf8 32. Qc5+ Kg8 33. h3
bxa4 34. Re7 Qd8 35. Qc7 Qf8 36. Bc2 d4 37. Bd3 a5 38. Rxf7 1-0

[Event "SR 3. liga A2 2006/2007"]
[Site "?"]
[Date "2006.10.08"]
[Round "1"]
[White "Klanica, Anton"]
[Black "Hrusovsky, Jan"]
[Result "1-0"]
[WhiteElo "1927"]
[BlackElo "1767"]
[Annotator "Trnava C - Cífer  /5/"]
[PlyCount "97"]
[EventDate "2006.??.??"]

1. e4 e5 2. Nf3 Nc6 3. Bb5 a6 4. Ba4 d6 5. d3 b5 6. Bb3 Na5 7. Be3 Nxb3 8. axb3
Nf6 9. O-O Bg4 10. h3 Bxf3 11. Qxf3 Be7 12. Qe2 b4 13. Nd2 O-O 14. Bg5 Nd7 15.
Bxe7 Qxe7 16. Ra5 Rfb8 17. Nc4 Rb5 18. Rfa1 Rxa5 19. Rxa5 Nb8 20. Ra4 Nc6 21.
Qd2 h6 22. Qd1 Qd7 23. Ne3 a5 24. Nf5 Nd4 25. Ne3 Qb5 26. g3 Qd7 27. Kg2 Ne6
28. Qg4 Qe7 29. Nd5 Qg5 30. Qxg5 hxg5 31. Ra1 c5 32. Ne7+ Kf8 33. Nf5 Ra6 34.
c3 g6 35. Ne3 Nc7 36. cxb4 axb4 37. Ra4 Ke8 38. Kf3 Rc6 39. Kg4 f6 40. Ra7 Kd8
41. Nd5 Nxd5 42. exd5 Rc7 43. Ra8+ Rc8 44. Ra6 Kd7 45. f4 gxf4 46. gxf4 exf4
47. Kxf4 Rd8 48. Ra7+ Ke8 49. Rg7 1-0

[Event "SR 3. liga A2 2006/2007"]
[Site "?"]
[Date "2006.10.08"]
[Round "1"]
[White "Liptak, Dusan"]
[Black "Jurik, Michal"]
[Result "0-1"]
[WhiteElo "1708"]
[BlackElo "1915"]
[Annotator "Trnava C - Cífer  /6/"]
[PlyCount "132"]
[EventDate "2006.??.??"]

1. Nf3 c5 2. g3 g6 3. Bg2 Bg7 4. O-O Nf6 5. d3 d6 6. Nbd2 O-O 7. c4 Nc6 8. e4
Re8 9. Nb3 Bd7 10. Ne1 Qc8 11. f4 Bg4 12. Nf3 Nh5 13. Qe2 e5 14. Qf2 exf4 15.
gxf4 Bh3 16. a3 Qg4 17. Ng5 Bxg2 18. Qxg2 Qxg2+ 19. Kxg2 Nd4 20. Nxd4 Bxd4 21.
f5 h6 22. fxg6 fxg6 23. Nf7 Rf8 24. Nxh6+ Kh7 25. Rf7+ Bg7 26. Rxf8 Rxf8 27.
Ng4 Bd4 28. Ra2 Nf4+ 29. Bxf4 Rxf4 30. h3 g5 31. b4 b6 32. bxc5 bxc5 33. Nh2
Rf7 34. Nf3 Bf6 35. Kg3 Kh6 36. Kg4 Kg6 37. Re2 Re7 38. Re1 Rb7 39. e5 dxe5 40.
Nxe5+ Kg7 41. Kf5 Rb2 42. Nd7 Rf2+ 43. Ke6 Bd4 44. Kd5 Rf5+ 45. Kc6 Kh6 46. Re8
Kh5 47. Ra8 Kh4 48. Rxa7 Kxh3 49. Ra8 g4 50. a4 Rg5 51. Rb8 g3 52. a5 Rg6+ 53.
Kc7 g2 54. Rb1 Ra6 55. Kb7 Rxa5 56. Kb6 Ra1 57. Rxa1 Bxa1 58. Kxc5 g1=Q+ 59.
Kc6 Qg6+ 60. Kc7 Qxd3 61. c5 Qg3+ 62. Kb7 Qb3+ 63. Kc7 Bd4 64. c6 Bf2 65. Kd8
Bg3 66. c7 Qg8+ 0-1

[Event "SR 3. liga A2 2006/2007"]
[Site "?"]
[Date "2006.10.08"]
[Round "1"]
[White "Steinecker, Frantisek"]
[Black "Cisar, Marian"]
[Result "1-0"]
[WhiteElo "1723"]
[BlackElo "1707"]
[Annotator "Trnava C - Cífer  /7/"]
[PlyCount "59"]
[EventDate "2006.??.??"]

1. Nf3 d5 2. g3 Nc6 3. Bg2 e5 4. d3 Nf6 5. Nbd2 Bb4 6. O-O O-O 7. Nb3 Re8 8. c3
Ba5 9. Nxa5 Nxa5 10. b4 Nc6 11. Qb3 e4 12. dxe4 dxe4 13. Rd1 Qe7 14. Nd4 Ne5
15. Bg5 Neg4 16. h3 h6 17. Bc1 Nxf2 18. Kxf2 e3+ 19. Kg1 Qe5 20. Rf1 Qxg3 21.
Rf3 Qg5 22. Bb2 b6 23. Kh2 Qh5 24. Kg1 Ne4 25. Rxe3 Qg5 26. Rf3 Kh8 27. Bc1 Qg6
28. Qxf7 Qxf7 29. Rxf7 Ng5 30. Bxg5 1-0

[Event "SR 3. liga A2 2006/2007"]
[Site "?"]
[Date "2006.10.08"]
[Round "1"]
[White "Markuliak, Mario"]
[Black "Holicky, Miroslav"]
[Result "1-0"]
[WhiteElo "1588"]
[BlackElo "1843"]
[Annotator "Trnava C - Cífer  /8/"]
[PlyCount "71"]
[EventDate "2006.??.??"]

1. c4 Nf6 2. Nc3 e6 3. Nf3 c5 4. g3 d5 5. cxd5 exd5 6. d4 Nc6 7. Bg5 Be7 8.
dxc5 d4 9. Bxf6 Bxf6 10. Ne4 Be7 11. Rc1 O-O 12. Bg2 Bf5 13. Nfd2 d3 14. O-O
Bg4 15. Nf3 dxe2 16. Qxe2 Re8 17. Rfd1 Qa5 18. Qc4 Be6 19. Qc3 Qxa2 20. Ra1 Qc4
21. Qxc4 Bxc4 22. Rd7 Rab8 23. Nd6 Red8 24. Rxd8+ Rxd8 25. Nxc4 Bxc5 26. Nfe5
Nxe5 27. Nxe5 Rd2 28. Rc1 Bxf2+ 29. Kf1 g6 30. Bxb7 Rxb2 31. Rc8+ Kg7 32. Rc7
Bd4 33. Rxf7+ Kg8 34. Bd5 Kh8 35. Ng4 a5 36. Rf8+ 1-0

[Event "SR 3. liga A2 2006/2007"]
[Site "?"]
[Date "2006.10.08"]
[Round "1"]
[White "Vertetics, Attila"]
[Black "Blatnicky, Miroslav"]
[Result "1-0"]
[WhiteElo "2245"]
[BlackElo "2163"]
[Annotator "Velký Meder - Vrbové  /1/"]
[PlyCount "101"]
[EventDate "2006.??.??"]

1. d4 d5 2. Nf3 Nf6 3. c4 e6 4. Nc3 c6 5. Bg5 Be7 6. e3 Nbd7 7. Bd3 dxc4 8.
Bxc4 b5 9. Bd3 a6 10. a3 c5 11. O-O Bb7 12. Qe2 O-O 13. Rfd1 Qb6 14. dxc5 Nxc5
15. Bc2 Rfe8 16. e4 h6 17. Be3 Qc7 18. Rac1 Rac8 19. h3 Qb8 20. Bd4 Qa8 21. Re1
Red8 22. Rcd1 Ncd7 23. Bb1 Nh7 24. Qe3 f6 25. Ba2 Nhf8 26. Nh4 Kh8 27. Qg3 Bc5
28. Bxc5 Rxc5 29. Qe3 g5 30. Nf3 Rcc8 31. h4 Kg7 32. hxg5 hxg5 33. Nxg5 fxg5
34. Qxg5+ Ng6 35. Bxe6 Nde5 36. Bxc8 Rxc8 37. Nd5 Rf8 38. Ne7 Bxe4 39. Nxg6
Nxg6 40. Rd4 Rf5 41. Qg4 Rf4 42. Rd7+ Kh6 43. Qh3+ Rh4 44. Qe3+ Rf4 45. Rd4 Kg7
46. Rxe4 Rxe4 47. Qxe4 Qa7 48. Re3 Qd7 49. Kh2 a5 50. Rg3 Qd6 51. f4 1-0

[Event "SR 3. liga A2 2006/2007"]
[Site "?"]
[Date "2006.10.08"]
[Round "1"]
[White "Feranec, Milan"]
[Black "Ress, Tamas"]
[Result "0-1"]
[WhiteElo "1890"]
[BlackElo "2147"]
[Annotator "Velký Meder - Vrbové  /2/"]
[PlyCount "82"]
[EventDate "2006.??.??"]

1. Nf3 Nf6 2. c4 e6 3. b3 b6 4. g3 Bb7 5. Bg2 Be7 6. Bb2 O-O 7. O-O d5 8. d3 c5
9. Nbd2 Nbd7 10. e3 Qc7 11. Re1 Rad8 12. Qc2 Rfe8 13. Rad1 e5 14. cxd5 Nxd5 15.
a3 Bd6 16. Nc4 N7f6 17. Nxd6 Qxd6 18. e4 Nc7 19. Bf1 Nb5 20. a4 Nd4 21. Nxd4
cxd4 22. Bh3 Bc8 23. Bf1 Bg4 24. Rb1 Rc8 25. Qd2 Qe6 26. Ba1 Bf3 27. Qg5 Rc2
28. h3 Rec8 29. Rec1 h6 30. Qf5 Qxf5 31. Rxc2 Qe6 32. Rc4 Rxc4 33. bxc4 Nd7 34.
Rb5 Nc5 35. a5 f5 36. axb6 axb6 37. exf5 Qxf5 38. Bb2 Bc6 39. Rxb6 Qf3 40. Rxc6
Qxc6 41. Bc1 Qf3 0-1

[Event "SR 3. liga A2 2006/2007"]
[Site "?"]
[Date "2006.10.08"]
[Round "1"]
[White "Ivan, Imrich ml"]
[Black "Krchnak, Rudolf"]
[Result "1-0"]
[WhiteElo "2034"]
[BlackElo "1950"]
[Annotator "Velký Meder - Vrbové  /3/"]
[PlyCount "127"]
[EventDate "2006.??.??"]

1. c4 f5 2. Nc3 Nf6 3. Nf3 g6 4. b3 Bg7 5. Bb2 O-O 6. g3 d6 7. d4 c6 8. Bg2 Qe8
9. O-O a5 10. Qc2 Na6 11. a3 Nc7 12. Rfe1 e5 13. dxe5 dxe5 14. Na4 Nd7 15. Rad1
e4 16. Bxg7 Kxg7 17. Qc3+ Kg8 18. Ng5 Ne6 19. Nxe6 Qxe6 20. c5 Qe5 21. Qc4+ Kg7
22. f4 Qe7 23. Rd2 Nf6 24. Nb6 Be6 25. Qc3 Rad8 26. Red1 Rxd2 27. Rxd2 Rd8 28.
b4 axb4 29. axb4 Rxd2 30. Qxd2 Nd5 31. Nc4 Nxf4 32. gxf4 Bxc4 33. Qd4+ Kh6 34.
Qxc4 Qh4 35. Qc1 Kg7 36. e3 Qd8 37. Bf1 g5 38. Qc3+ Kg6 39. Qe5 gxf4 40. Qxf4
Qg5+ 41. Qxg5+ Kxg5 42. b5 f4 43. bxc6 bxc6 44. exf4+ Kxf4 45. Kf2 Ke5 46. Ke3
Kd5 47. Kf4 Kd4 48. h4 e3 49. h5 h6 50. Be2 Kxc5 51. Ke5 Kb4 52. Kd4 c5+ 53.
Kxe3 c4 54. Kd4 c3 55. Bd1 Kb5 56. Ke5 Kc5 57. Kf6 Kd6 58. Kg6 Ke6 59. Bc2 Ke7
60. Kxh6 Kf7 61. Kh7 Kf6 62. h6 Kf7 63. Kh8 Kf8 64. Bg6 1-0

[Event "SR 3. liga A2 2006/2007"]
[Site "?"]
[Date "2006.10.08"]
[Round "1"]
[White "Smrek, Peter"]
[Black "Csefalvay, Stefan"]
[Result "1-0"]
[WhiteElo "1964"]
[BlackElo "1957"]
[Annotator "Velký Meder - Vrbové  /4/"]
[PlyCount "127"]
[EventDate "2006.??.??"]

1. e4 e6 2. d4 d5 3. exd5 exd5 4. Nf3 Nf6 5. Be2 Be7 6. O-O O-O 7. Nbd2 Bg4 8.
b3 Re8 9. Bb2 Nbd7 10. Ne5 Bxe2 11. Qxe2 Nf8 12. c4 c6 13. Qd3 Bd6 14. c5 Bc7
15. b4 a6 16. f4 Ng6 17. Rae1 Qc8 18. f5 Nf8 19. Kh1 N6d7 20. f6 Nxe5 21. dxe5
g6 22. Qe3 Qg4 23. Rf3 Ne6 24. Rh3 Qf4 25. Qd3 h5 26. a3 Rad8 27. g3 Qh6 28.
Nf3 g5 29. Bc1 Qg6 30. Qxg6+ fxg6 31. Nxg5 Nxg5 32. Bxg5 Kf7 33. Bf4 Re6 34. g4
Rh8 35. gxh5 Rxh5 36. Rxh5 gxh5 37. Kg2 Bd8 38. Bg3 Re8 39. Kh3 a5 40. Kh4 Kg6
41. Rg1 Bxf6+ 42. exf6 Re4+ 43. Kh3 Kxf6 44. Rf1+ Kg6 45. bxa5 Ra4 46. Rf3 Rxa5
47. Bd6 Ra4 48. Rb3 Kf5 49. Kg3 Ke4 50. Kh4 d4 51. Rxb7 Rxa3 52. Re7+ Kf3 53.
Kxh5 d3 54. Rf7+ Ke2 55. Bf4 Rc3 56. Rf5 d2 57. Bxd2 Kxd2 58. h4 Ke3 59. Kg6
Ke4 60. h5 Rg3+ 61. Rg5 Rh3 62. h6 Kf4 63. Rh5 Rg3+ 64. Kf6 1-0

[Event "SR 3. liga A2 2006/2007"]
[Site "?"]
[Date "2006.10.08"]
[Round "1"]
[White "Szitasi, Janos"]
[Black "Lanyi, Frantisek"]
[Result "0-1"]
[WhiteElo "1996"]
[BlackElo "1629"]
[Annotator "Velký Meder - Vrbové  /5/"]
[PlyCount "80"]
[EventDate "2006.??.??"]

1. e4 e5 2. Nf3 Nc6 3. Bb5 d6 4. d4 exd4 5. Nxd4 Bd7 6. Nxc6 bxc6 7. Bc4 Nf6 8.
Nc3 Be7 9. O-O O-O 10. h3 Be6 11. Bxe6 fxe6 12. f4 Nd7 13. Qg4 e5 14. Be3 Kh8
15. Rad1 Bf6 16. f5 Nb6 17. Bxb6 axb6 18. Rd3 b5 19. a3 Qe7 20. Kh1 Qf7 21. Rf2
h6 22. Qe2 Qc4 23. Rd1 Qc5 24. Nb1 Bg5 25. Rf3 Rad8 26. b4 Qb6 27. c4 bxc4 28.
Qxc4 Be3 29. Rd3 Bd4 30. g4 d5 31. exd5 cxd5 32. Qc2 e4 33. Rxd4 Qxd4 34. Rf2
Qe5 35. Nd2 e3 36. Re2 d4 37. Qd3 Qg3 38. g5 Qxg5 39. Ne4 Qxf5 40. Nc5 Qxh3+
0-1

[Event "SR 3. liga A2 2006/2007"]
[Site "?"]
[Date "2006.10.08"]
[Round "1"]
[White "Podjavorinsky, Peter"]
[Black "Vizvari, Ludovit"]
[Result "1-0"]
[WhiteElo "1704"]
[BlackElo "2033"]
[Annotator "Velký Meder - Vrbové  /6/"]
[PlyCount "63"]
[EventDate "2006.??.??"]

1. e4 c5 2. Nf3 e6 3. d4 cxd4 4. Nxd4 a6 5. Bd3 Nf6 6. Nc3 Qc7 7. O-O Nc6 8.
Nf3 Bb4 9. Bd2 O-O 10. Qe2 Ng4 11. e5 Ngxe5 12. Nxe5 Qxe5 13. Qg4 f5 14. Qh3
Qf6 15. a3 Ba5 16. b4 Bc7 17. Ne2 d5 18. Ng3 g6 19. f4 e5 20. Bc3 d4 21. fxe5
Bxe5 22. Bd2 Be6 23. Qh6 Qg7 24. Qh4 Bf6 25. Qh3 Qd7 26. Bf4 Ne5 27. Bxe5 Bxe5
28. Qh4 Rac8 29. Rae1 Bf6 30. Qh6 Bc4 31. Nxf5 Bxd3 32. Re7 1-0

[Event "SR 3. liga A2 2006/2007"]
[Site "?"]
[Date "2006.10.08"]
[Round "1"]
[White "Ivan, Imrich st"]
[Black "Madzo, Anton"]
[Result "1-0"]
[WhiteElo "1858"]
[BlackElo "1558"]
[Annotator "Velký Meder - Vrbové  /7/"]
[PlyCount "87"]
[EventDate "2006.??.??"]

1. e4 e5 2. Nc3 Nf6 3. f4 d6 4. Nf3 Bg4 5. h3 Bxf3 6. Qxf3 c6 7. Bc4 Be7 8. d3
O-O 9. g4 Kh8 10. h4 Qd7 11. f5 b5 12. Bb3 a5 13. g5 Ne8 14. a3 Bd8 15. Be3 Na6
16. Kd2 Rc8 17. h5 c5 18. Qe2 Nac7 19. g6 h6 20. Bxf7 Rxf7 21. gxf7 Qxf7 22.
Rag1 b4 23. Na4 Nb5 24. c4 Nd4 25. Bxd4 cxd4 26. axb4 axb4 27. b3 Bg5+ 28. Kc2
Ra8 29. Ra1 Nf6 30. Kb2 Be3 31. Ra2 Nd7 32. Kb1 Nc5 33. Nxc5 Rxa2 34. Qxa2 dxc5
35. Qa8+ Kh7 36. Qc6 Qe7 37. Qg6+ Kh8 38. Kb2 Qa7 39. Ra1 Bc1+ 40. Kb1 Ba3 41.
Qe8+ Kh7 42. Kc2 Qc7 43. f6 gxf6 44. Rg1 1-0

[Event "SR 3. liga A2 2006/2007"]
[Site "?"]
[Date "2006.10.08"]
[Round "1"]
[White "Lajda, Dusan"]
[Black "Korosi, Gejza"]
[Result "0-1"]
[WhiteElo "1737"]
[BlackElo "1535"]
[Annotator "Velký Meder - Vrbové  /8/"]
[PlyCount "76"]
[EventDate "2006.??.??"]

1. e4 e5 2. Nf3 d6 3. d4 f6 4. h3 Nd7 5. Bc4 exd4 6. Nxd4 Ne5 7. Bxg8 Rxg8 8.
O-O g6 9. Nc3 c6 10. Kh1 Bd7 11. f4 Nf7 12. f5 Ne5 13. b3 Qe7 14. b4 O-O-O 15.
b5 Kb8 16. bxc6 Nxc6 17. Bf4 Qg7 18. Rf2 g5 19. Be3 Ne5 20. Ncb5 Bxb5 21. Nxb5
Nc6 22. Nd4 Nxd4 23. Qxd4 b6 24. Rb1 Qb7 25. Qxf6 Bg7 26. Qe6 Rge8 27. Qb3 Bf6
28. a4 Rd7 29. a5 Bd8 30. axb6 a6 31. f6 h6 32. f7 Rf8 33. Qe6 Rfxf7 34. Rxf7
Rxf7 35. Qxd6+ Kc8 36. Rb3 Bf6 37. e5 Bxe5 38. Qxe5 Kd7 0-1

[Event "SR 3. liga A2 2006/2007"]
[Site "?"]
[Date "2006.10.22"]
[Round "2"]
[White "Horak, Ivan"]
[Black "Vass, Frantisek"]
[Result "0-1"]
[WhiteElo "2127"]
[BlackElo "2352"]
[Annotator "Holíc - Galanta  /1/"]
[PlyCount "56"]
[EventDate "2006.??.??"]

1. e4 a6 2. d4 e6 3. Nf3 d5 4. e5 c5 5. c3 Bd7 6. dxc5 Bxc5 7. b4 Ba7 8. Bd3
Ne7 9. O-O Nbc6 10. a3 Ng6 11. Qe2 Qc7 12. Re1 Rc8 13. h4 Bb8 14. Bxg6 hxg6 15.
g3 Ne7 16. Nd4 Nf5 17. Nxf5 gxf5 18. Be3 Qxe5 19. Qd2 Qf6 20. Bg5 Qg6 21. Qxd5
Bc6 22. Qc5 Qxg5 23. Qxc6+ Rxc6 24. hxg5 f4 25. g4 f3 26. Re3 Rc4 27. Rxf3
Rxg4+ 28. Kf1 Rh1+ 0-1

[Event "SR 3. liga A2 2006/2007"]
[Site "?"]
[Date "2006.10.22"]
[Round "2"]
[White "Nagy, Tomas"]
[Black "Kubis, Ivan"]
[Result "1-0"]
[WhiteElo "2125"]
[BlackElo "2038"]
[Annotator "Holíc - Galanta  /2/"]
[PlyCount "45"]
[EventDate "2006.??.??"]

1. d4 Nf6 2. Nf3 b6 3. Bg5 e6 4. Nbd2 Bb7 5. c3 Be7 6. Qc2 d6 7. e4 O-O 8. h3
Nbd7 9. Be2 h6 10. Be3 c5 11. O-O Qc7 12. Rac1 Nxe4 13. Nxe4 f5 14. Ng3 f4 15.
Nh5 fxe3 16. Qg6 exf2+ 17. Rxf2 Bf6 18. Bd3 cxd4 19. Ng5 hxg5 20. Qh7+ Kf7 21.
Qxg7+ Ke8 22. Nxf6+ Kd8 23. Bb5 1-0

[Event "SR 3. liga A2 2006/2007"]
[Site "?"]
[Date "2006.10.22"]
[Round "2"]
[White "Kovarik, Oto"]
[Black "Nagy, Attila"]
[Result "0-1"]
[WhiteElo "2050"]
[BlackElo "2120"]
[Annotator "Holíc - Galanta  /3/"]
[PlyCount "84"]
[EventDate "2006.??.??"]

1. e4 c5 2. Nf3 Nc6 3. d4 cxd4 4. Nxd4 Nf6 5. Nc3 e5 6. Ndb5 d6 7. Bd3 a6 8.
Na3 b5 9. Nd5 Nxd5 10. exd5 Ne7 11. c4 bxc4 12. Bxc4 Nf5 13. O-O Be7 14. Nc2
O-O 15. Bd3 Qa5 16. Bc4 Qc5 17. b3 Bb7 18. Qd3 g6 19. Ne3 Nh4 20. Ng4 Bc8 21.
Nh6+ Kg7 22. g3 f5 23. gxh4 f4 24. b4 Qxb4 25. Rb1 Qa4 26. Bb2 Kxh6 27. Rbc1
Bxh4 28. Qf3 Qd7 29. Bb3 Qg4+ 30. Qxg4 Bxg4 31. f3 Bh3 32. Rfd1 Rf5 33. Kh1 Bf2
34. Rc2 Bc5 35. Bc4 Rg5 36. Bc1 a5 37. Bb5 a4 38. Bb2 a3 39. Bc3 Rc8 40. Ba6
Rc7 41. Ba1 Be3 42. Re2 Rc1 0-1

[Event "SR 3. liga A2 2006/2007"]
[Site "?"]
[Date "2006.10.22"]
[Round "2"]
[White "Merva, Frantisek"]
[Black "Sefcik, Marek"]
[Result "1-0"]
[WhiteElo "2059"]
[BlackElo "1974"]
[Annotator "Holíc - Galanta  /4/"]
[PlyCount "63"]
[EventDate "2006.??.??"]

1. d4 Nc6 2. Nf3 d6 3. Bg5 Nf6 4. c4 g6 5. Nc3 Bg7 6. d5 Nb8 7. e4 Nbd7 8. Be2
O-O 9. O-O Nc5 10. Nd2 c6 11. Rc1 a5 12. Re1 Qc7 13. Bf1 Ng4 14. h3 Ne5 15. Nf3
Nxf3+ 16. Qxf3 e5 17. Qe3 f5 18. f3 f4 19. Qd2 h6 20. Bh4 g5 21. Bf2 Na6 22.
dxc6 bxc6 23. Red1 Rf6 24. Nb5 cxb5 25. Qd5+ Kh7 26. Qxa8 bxc4 27. Bxc4 Nc5 28.
a3 Rf8 29. b4 Bb7 30. Qxa5 Qxa5 31. bxa5 Rc8 32. Ba2 1-0

[Event "SR 3. liga A2 2006/2007"]
[Site "?"]
[Date "2006.10.22"]
[Round "2"]
[White "Bilovsky, Milan"]
[Black "Danis, Jozef"]
[Result "1-0"]
[WhiteElo "1880"]
[BlackElo "1756"]
[Annotator "Holíc - Galanta  /5/"]
[PlyCount "81"]
[EventDate "2006.??.??"]

1. c4 c5 2. Nc3 Nf6 3. g3 d6 4. Bg2 Nc6 5. Nf3 g6 6. O-O Bd7 7. e3 Bg7 8. d4
cxd4 9. exd4 O-O 10. Be3 Ng4 11. Rc1 Nxe3 12. fxe3 Qa5 13. Qe2 Rab8 14. a3 a6
15. Nd5 e6 16. b4 Qd8 17. Nc3 Ne7 18. a4 Qb6 19. Rb1 Nc6 20. c5 Qa7 21. b5 Nxd4
22. exd4 dxc5 23. b6 Qa8 24. Ne5 Rbd8 25. dxc5 Qb8 26. Nxd7 Bd4+ 27. Kh1 Rxd7
28. Ne4 Kg7 29. Qf3 Rd5 30. Rbd1 Rf5 31. Qe2 Qe5 32. Qc4 Rxf1+ 33. Rxf1 Rc8 34.
Qd3 f5 35. Nd2 Qe3 36. Qxe3 Bxe3 37. Nb3 Rd8 38. Bxb7 Rd3 39. Rb1 Rc3 40. Bxa6
e5 41. b7 1-0

[Event "SR 3. liga A2 2006/2007"]
[Site "?"]
[Date "2006.10.22"]
[Round "2"]
[White "Farkas, Sandor"]
[Black "Holly, Milan"]
[Result "1-0"]
[WhiteElo "1850"]
[BlackElo "1776"]
[Annotator "Holíc - Galanta  /6/"]
[PlyCount "81"]
[EventDate "2006.??.??"]

1. e4 e6 2. d3 c5 3. c3 b6 4. Nf3 Be7 5. g3 Nf6 6. Bg2 Bb7 7. O-O O-O 8. Re1 d5
9. e5 Nfd7 10. Bf4 Nc6 11. Nbd2 b5 12. a3 a6 13. b3 Rc8 14. d4 cxd4 15. cxd4
Qb6 16. Nf1 b4 17. a4 Na5 18. Bd2 Nb8 19. Re3 Rc7 20. Rc1 Nbc6 21. Rd3 Rfc8 22.
h4 Nb8 23. Rxc7 Qxc7 24. Ne3 g6 25. Bh3 Nac6 26. g4 a5 27. Be1 Qd8 28. g5 Ba6
29. Rd2 h6 30. gxh6 Bxh4 31. Ng4 Nd7 32. Rc2 $11 Kh7 33. Qc1 Na7 34. Rxc8 Nxc8
35. Bd2 Be7 36. Ng5+ Bxg5 37. Bxg5 Qb6 38. Qf4 f5 39. exf6 Nd6 40. f7 Nf5 41.
Nf6+ 1-0

[Event "SR 3. liga A2 2006/2007"]
[Site "?"]
[Date "2006.10.22"]
[Round "2"]
[White "Harasta, Juraj"]
[Black "Barczi, Tomas"]
[Result "1-0"]
[WhiteElo "1723"]
[BlackElo "1619"]
[Annotator "Holíc - Galanta  /7/"]
[PlyCount "55"]
[EventDate "2006.??.??"]

1. e4 e6 2. d4 d5 3. Nc3 c5 4. Be3 c4 5. a3 Bd7 6. e5 f6 7. f4 Nc6 8. Nf3 Nge7
9. Nh4 fxe5 10. fxe5 g6 11. Bg5 Qb6 12. Na4 Qxd4 13. Bf6 Rg8 14. Nf3 Qxd1+ 15.
Rxd1 Nxe5 16. Bxe5 Bxa4 17. b3 cxb3 18. cxb3 Bd7 19. Bd3 Nf5 20. b4 Ne3 21. Rc1
Bh6 22. Rc7 Nxg2+ 23. Kf2 Bf4 24. Kxg2 Bxe5 25. Nxe5 Bc8 26. Rxh7 a5 27. Bb5+
Kf8 28. Rf7# 1-0

[Event "SR 3. liga A2 2006/2007"]
[Site "?"]
[Date "2006.10.22"]
[Round "2"]
[White "Lancz, Frantisek"]
[Black "Brisudova, Veronika"]
[Result "1/2-1/2"]
[WhiteElo "1350"]
[BlackElo "1664"]
[Annotator "Holíc - Galanta  /8/"]
[PlyCount "63"]
[EventDate "2006.??.??"]

1. e4 e6 2. d4 d5 3. e5 c5 4. c3 Nc6 5. Nf3 Qb6 6. a4 cxd4 7. cxd4 Bb4+ 8. Nc3
Nge7 9. Bb5 O-O 10. O-O Bd7 11. Qd3 a6 12. Bxc6 Qxc6 13. Bd2 Rac8 14. Ng5 Ng6
15. h4 h6 16. h5 hxg5 17. hxg6 Be7 18. g3 Qc4 19. gxf7+ Kxf7 20. Qf3+ Kg6 21.
Qg4 Rh8 22. Kg2 Qd3 23. Be3 Qf5 24. Qxf5+ Kxf5 25. Kf3 g4+ 26. Ke2 Bb4 27. Rfc1
Bxc3 28. Rxc3 Rxc3 29. bxc3 Rc8 30. Kd3 Rc4 31. a5 Bb5 32. Kc2 1/2-1/2

[Event "SR 3. liga A2 2006/2007"]
[Site "?"]
[Date "2006.10.01"]
[Round "2"]
[White "Palka, Miroslav"]
[Black "Janko, Ladislav"]
[Result "1/2-1/2"]
[WhiteElo "2055"]
[BlackElo "2180"]
[Annotator "Senica B - Gabcíkovo  /1/"]
[PlyCount "68"]
[EventDate "2006.??.??"]

1. c4 g6 2. Nc3 Bg7 3. e4 Nc6 4. Nge2 e5 5. g3 d6 6. Bg2 Nge7 7. d3 O-O 8. O-O
Rb8 9. Rb1 f5 10. Be3 Be6 11. Qd2 fxe4 12. Nxe4 Nf5 13. Ng5 Nxe3 14. Nxe6 Nxf1
15. Rxf1 Qf6 16. Nxf8 Rxf8 17. b4 Nd8 18. Nc3 c6 19. b5 Qe7 20. a4 Qc7 21. bxc6
bxc6 22. Rb1 Ne6 23. Ne2 Nc5 24. a5 Rd8 25. d4 exd4 26. Nxd4 d5 27. cxd5 cxd5
28. Nb5 Qb7 29. Qb4 Nd3 30. Qb3 Nc5 31. Qb4 Ne6 32. Qe1 Qf7 33. Nxa7 Nd4 34.
Nb5 Re8 1/2-1/2

[Event "SR 3. liga A2 2006/2007"]
[Site "?"]
[Date "2006.10.01"]
[Round "2"]
[White "Sulek, Viliam"]
[Black "Sebesta, Radovan"]
[Result "1-0"]
[WhiteElo "2202"]
[BlackElo "2057"]
[Annotator "Senica B - Gabcíkovo  /2/"]
[PlyCount "63"]
[EventDate "2006.??.??"]

1. e4 c5 2. Nf3 Nc6 3. d4 cxd4 4. Nxd4 g6 5. Nc3 Bg7 6. Be3 Nf6 7. Nb3 O-O 8.
g3 d6 9. Bg2 Be6 10. h3 a5 11. O-O a4 12. Nd4 Nxd4 13. Bxd4 Qc8 14. g4 a3 15.
b3 Ra6 16. Nb5 Bd7 17. c4 Bxb5 18. cxb5 Ra8 19. Rc1 Qd7 20. b6 Rfc8 21. e5 Ne8
22. Rxc8 Rxc8 23. f4 d5 24. f5 Bh6 25. e6 fxe6 26. fxg6 hxg6 27. Qd3 Kh7 28.
Rf7+ Bg7 29. Bxg7 Nxg7 30. Qd4 Rg8 31. g5 Kh8 32. Bf3 1-0

[Event "SR 3. liga A2 2006/2007"]
[Site "?"]
[Date "2006.10.01"]
[Round "2"]
[White "Skapikova, Lubica"]
[Black "Janko, Michal"]
[Result "0-1"]
[WhiteElo "2013"]
[BlackElo "2083"]
[Annotator "Senica B - Gabcíkovo  /3/"]
[PlyCount "50"]
[EventDate "2006.??.??"]

1. e4 c5 2. Nf3 Nc6 3. d4 cxd4 4. Nxd4 Nf6 5. Nc3 e5 6. Ndb5 d6 7. Bg5 a6 8.
Na3 b5 9. Nd5 Be7 10. Bxf6 Bxf6 11. c3 O-O 12. Nc2 Bg5 13. Bd3 Ne7 14. Nce3
Bxe3 15. Nxe3 Bb7 16. O-O g6 17. a4 bxa4 18. Rxa4 Kh8 19. Qe2 f5 20. exf5 gxf5
21. f3 Ng6 22. Bxf5 Nf4 23. Qd2 Qg5 24. g3 Rxf5 25. Nxf5 Nh3+ 0-1

[Event "SR 3. liga A2 2006/2007"]
[Site "?"]
[Date "2006.10.01"]
[Round "2"]
[White "Puobis, Jozef"]
[Black "Zisek, Jaroslav"]
[Result "1/2-1/2"]
[WhiteElo "2043"]
[BlackElo "1946"]
[Annotator "Senica B - Gabcíkovo  /4/"]
[PlyCount "119"]
[EventDate "2006.??.??"]

1. e4 c5 2. d4 cxd4 3. Qxd4 Nc6 4. Qd3 Nf6 5. Nc3 e6 6. Bg5 Be7 7. Nf3 Qa5 8.
Qd2 a6 9. Bd3 d6 10. O-O Qc7 11. Rfe1 b5 12. a3 Bb7 13. Qf4 h6 14. Bxf6 Bxf6
15. Qg3 O-O 16. Re3 Ne5 17. Nxe5 Bxe5 18. Qh4 Rad8 19. Kh1 Qc5 20. Rh3 Bf6 21.
Qg4 Qg5 $11 22. Qe2 Be5 23. Rf1 Qe7 24. f4 Bxc3 25. bxc3 e5 26. c4 bxc4 27.
Bxc4 Bc8 28. Rg3 a5 29. Qh5 Kh7 30. Bd5 Qe8 31. fxe5 dxe5 32. c4 f6 33. Qe2 Qe7
34. Rb3 Qc7 35. Qe3 Ba6 36. Qb6 Qxb6 37. Rxb6 Bc8 38. h3 Bd7 39. c5 Rb8 40.
Rfb1 Rxb6 41. Rxb6 Rc8 42. c6 Be8 43. g3 Kg6 44. Kg2 Kg5 45. h4+ Kh5 46. Kf3 g5
47. g4+ Kg6 48. h5+ Kg7 49. Kg3 Kf8 50. Kf3 Ke7 51. Rb7+ Kd6 52. Rh7 Bxc6 53.
Bxc6 Rxc6 54. Rxh6 Ke6 55. Rh7 Rc3+ 56. Kf2 Rxa3 57. Ra7 a4 58. h6 Ra2+ 59. Kg3
Ra3+ 60. Kg2 1/2-1/2